000 00861nam a2200241 i 4500
001 169257
003 ES-MaACL
005 20250415213645.0
008 080826s2007 sp |||| | spa d
017 _aB-39.900-07
020 _a978-84-96831-38-4
080 _a929 Sacristán, Manuel (082.2)
245 0 3 _aEl legado de un maestro
_b: homenaje a Manuel Sacristán /
_cSalvador López Arnal e Iñaki Vázquez Álvarez (editores).
260 _a[Barcelona] :
_bFundación de Investigaciones Marxistas,
_c2007.
300 _a323 p. ;
_c24 cm.
500 _aSubtítulo tomado de la cub.
504 _aReferencias bibliográficas.
600 1 4 _aSacristán, Manuel,
_d1925-1985
_9101268
700 1 _aLópez Arnal, Salvador.
_973419
700 1 _aVázquez Álvarez, Iñaki.
_9138342
852 4 _aES-MaACL
_jL-29734
_9R.143220
999 _c169257
_d169257